Education for peace / (Record no. 145144)

MARC details
000 -LEADER
fixed length control field 00574nam a22001937a 4500
005 - DATE AND TIME OF LATEST TRANSACTION
control field 20170921104848.0
010 ## - LCCN (DPL NO)
LC control number ENG-120437
020 ## - INTERNATIONAL STANDARD BOOK NUMBER
Terms of availability 140.00
International Standard Book Number 9789350515464
035 ## - SYSTEM CONTROL NUMBER
System control number EN-103969
037 ## - SOURCE OF ACQUISITION
Source of stock number/acquisition DBAD/PUB
082 ## - DEWEY DECIMAL CLASSIFICATION NUMBER
Classification number 303.66071
100 ## - MAIN ENTRY--PERSONAL NAME
Personal name Rao,Usha
245 ## - TITLE STATEMENT
Title Education for peace /
Statement of responsibility, etc by-Usha Rao
260 ## - PUBLICATION, DISTRIBUTION, ETC. (IMPRINT)
Place of publication, distribution, etc Mumbai
Name of publisher, distributor, etc Himalaya Publishing House
Date of publication, distribution, etc 2016
270 ## - ADDRESS
City Mumbai
Address Ramdoot,Bhalerao Marg,Girgaon
Postal code 400004
300 ## - PHYSICAL DESCRIPTION
Extent 162p.
Dimensions 22cm(pbk)
Other physical details ill.
500 ## - GENERAL NOTE
General note Includes bibliographical references
942 ## - ADDED ENTRY ELEMENTS (KOHA)
Item type English Books
Classification part 303.66071
Call number suffix RAO
Source of classification or shelving scheme Dewey Decimal Classification
Holdings
Withdrawn status Lost status Not for loan Collection code Home library Current library Date acquired Source of acquisition Cost, normal purchase price Full call number Barcode Copy number Cost, replacement price Koha item type
    Not For Loan Non-fiction D.B.Act.Division Bawana 21/09/2017 DBAD/PUB 140.00 303.66071 RAO EN-103969 1 140.00 English Books

© Delhi Public Library
Hit Counter
free hit counter